| 000 | 00725nam a2200229 i 4500 | ||
|---|---|---|---|
| 001 | 95776 | ||
| 003 | ES-MaACL | ||
| 005 | 20230906181754.0 | ||
| 007 | t| | ||
| 008 | 050606s1981 sp ||||1| spa d | ||
| 100 | 1 |
_aMacCartney, Kevin. _975079 |
|
| 245 | 1 | 0 |
_aAgua caliente solar _b: manual práctico / _cKevin McCartney y Brian Ford; [traducción Antonio Lopera]. |
| 250 | _a[1ª ed.], 1ª reimp. | ||
| 260 |
_aMadrid : _bH. Blume, _c1981. |
||
| 300 |
_aXII, 186 p. : _bil. ; _c21 cm. |
||
| 490 | 1 | _aEnergía, clima, diseño | |
| 700 | 1 |
_aFord, Brian. _951693 |
|
| 700 | 1 |
_aLopera, Antonio. _973283 |
|
| 830 | 0 |
_aEnergía, clima, diseño _9184371 |
|
| 852 |
_aES-MaACL _jL-1385 _bR.101875 |
||
| 999 |
_c95776 _d95776 |
||